00612pab a2200181 454500008004000000100002300040245008900063260000900152300001500161362001000176650002900186650002800215650002100243773003400264909001000298999001700308952010500325180718b1998 xxu||||| |||| 00| 0 eng d aShyam Sundar, K.R. aEconomic reforms and industrial relations system in India: some issue for discussion c1998 ap.1379-384 a6 Jun aLabour relations - India aEconomic reform - India aLabour relations aEconomic and Political Weekly a37754 c37754d37754 00104070aIIPAbIIPAd2018-07-19hVolume no: 33, Issue no: 23pAR38091r2018-07-19w2018-07-19yAR